00570nam a2200181 a 45000010010000000030011000100080041000210350026000620820012000881000023001002450053001232600049001766500014002259420012002399520102002519980020003539990015003730000-8931ELIB.Books110520 1976  a(ELIB.Books)0000-9079 aB bAnd aAnderson, Courtney aTo the Golden Shore: the Life of Adoniram Judson bMichigan: Zondervan Publishing House c1976 aBiography 2ddccBK 00102ddc4070aKBTSbKBTSd2011-05-20l0p7073, 7238, 7239r2022-01-22 00:00:00w2022-01-22yBK cbate2011-05-20 c8931d8931